00852nam a2200205 a 450000100100000000500170001000800410002702000180006804000250008624501190011125000120023026000680024230000210031049000470033170000350037871000570041383000540047095201050052499900170062900004067820201002034310.0130905s2007 sp 000 0 spa d a9788478841547 aDO-SdBNPbspacBNPHU00aEducación de calle :bhacia un modelo de intervencion en marginacion juvenil /ccoordinación Mercedes Arquero. a4a. ed. aMadrid :bAsociacion Cultural La Kalle Mercedes Arquero,c2007. a191 p. ;c22 cm.1 aPromocion cultural.aSerie Tiempo librev61 aArquero, Mercedeecoor.9670442 aAsociacion Cultural La Kalle Mercedes Arquero967045 0aPromocion cultural.pSerie Tiempo libren6967046 001050718MOaGRbGRcCTd2013-09-05iLF1l0o p40678-10r2020-06-25w2020-06-25y1ZNo se presta c40168d40168